<?xml version="1.0" encoding="UTF-8"?>
<record
    xmlns:xsi="http://www.w3.org/2001/XMLSchema-instance"
    xsi:schemaLocation="http://www.loc.gov/MARC21/slim http://www.loc.gov/standards/marcxml/schema/MARC21slim.xsd"
    xmlns="http://www.loc.gov/MARC21/slim">

  <leader>05756nam a2200433Ia 4500</leader>
  <controlfield tag="001">dia_2813</controlfield>
  <controlfield tag="003">CHAP</controlfield>
  <controlfield tag="005">20250613181033.0</controlfield>
  <controlfield tag="007">ta</controlfield>
  <controlfield tag="008">220117s2002    mx ado fr     001 0 spa d</controlfield>
  <datafield tag="010" ind1=" " ind2=" ">
    <subfield code="a">173313</subfield>
  </datafield>
  <datafield tag="020" ind1=" " ind2=" ">
    <subfield code="a">84-7829-053-2</subfield>
  </datafield>
  <datafield tag="040" ind1=" " ind2=" ">
    <subfield code="c">CHAP</subfield>
    <subfield code="a">mxchpua</subfield>
    <subfield code="e">rda</subfield>
  </datafield>
  <datafield tag="041" ind1=" " ind2=" ">
    <subfield code="a">spa</subfield>
    <subfield code="b">spa</subfield>
    <subfield code="f">spa</subfield>
    <subfield code="h">eng</subfield>
  </datafield>
  <datafield tag="050" ind1=" " ind2=" ">
    <subfield code="a">QP514.2</subfield>
    <subfield code="b">.M38 2002</subfield>
  </datafield>
  <datafield tag="082" ind1=" " ind2=" ">
    <subfield code="2">20</subfield>
    <subfield code="a">574.192 </subfield>
    <subfield code="b">M38 2002</subfield>
  </datafield>
  <datafield tag="100" ind1="1" ind2=" ">
    <subfield code="a">Mathews, Christopher K.</subfield>
    <subfield code="9">73001</subfield>
  </datafield>
  <datafield tag="240" ind1="1" ind2="0">
    <subfield code="a">Biochemistry</subfield>
    <subfield code="l">Espa&#xF1;ol</subfield>
  </datafield>
  <datafield tag="245" ind1="1" ind2="0">
    <subfield code="a">Bioqu&#xED;mica /</subfield>
    <subfield code="c">Christopher K. Mathews, K.E. van Holde y Kevin G. Ahern ; traducci&#xF3;n Jos&#xE9; Manuel Gonz&#xE1;lez de Buitrago</subfield>
  </datafield>
  <datafield tag="250" ind1=" " ind2=" ">
    <subfield code="a">3a edici&#xF3;n</subfield>
  </datafield>
  <datafield tag="264" ind1=" " ind2=" ">
    <subfield code="a">M&#xE9;xico :</subfield>
    <subfield code="b">Addison Wesley,</subfield>
    <subfield code="c">2002</subfield>
  </datafield>
  <datafield tag="300" ind1=" " ind2=" ">
    <subfield code="a">xxx, 1335 p&#xE1;ginas :</subfield>
    <subfield code="b">ilustraciones, gr&#xE1;ficas, diagramas, tablas, fotos</subfield>
  </datafield>
  <datafield tag="336" ind1=" " ind2=" ">
    <subfield code="2">rdacontent</subfield>
    <subfield code="a">texto</subfield>
    <subfield code="b">txt</subfield>
  </datafield>
  <datafield tag="337" ind1=" " ind2=" ">
    <subfield code="2">rdamedia</subfield>
    <subfield code="a">no mediado</subfield>
    <subfield code="b">n</subfield>
  </datafield>
  <datafield tag="338" ind1=" " ind2=" ">
    <subfield code="2">rdacarrier</subfield>
    <subfield code="a">volumen</subfield>
    <subfield code="b">nc</subfield>
  </datafield>
  <datafield tag="504" ind1=" " ind2=" ">
    <subfield code="a">Incluye bibliograf&#xED;as</subfield>
  </datafield>
  <datafield tag="505" ind1="0" ind2=" ">
    <subfield code="a">Parte I. El campo de la bioqu&#xED;mica. --
1. El alcance de la bioqu&#xED;mica. --
2. La matriz de la vida: interacciones d&#xE9;biles en un medio acuoso. --
3. El mecanismo energ&#xE9;tico de la vida. --
Parte II. Arquitectura molecular de la materia viva. --
4. &#xC1;cidos nucleicos. --
5. Introducci&#xF3;n a las prote&#xED;nas: el nivel primario de la estructura proteica. --
6. La estructura tridimensional de las prote&#xED;nas. --
7. Funci&#xF3;n proteica y evoluci&#xF3;n. --
8. Prote&#xED;nas en movimiento: sistemas contr&#xE1;ctiles y motores moleculares. --
9. Hidratos de carbono. --
10. L&#xED;pidos, membranas y transporte celular. --
Parte III. Din&#xE1;mica de la vida: cat&#xE1;lisis y control de las reacciones bioqu&#xED;micas. --
11. Enzimas: catalizadores biol&#xF3;gicos. --
12. Introducci&#xF3;n al metabolismo. --
Parte IV. Din&#xE1;mica de la vida: energ&#xED;a, bios&#xED;ntesis y utilizaci&#xF3;n de precursores. --
13. Metabolismo de los hidratos de carbono I: procesos anaerobios en la generaci&#xF3;n de energ&#xED;a metab&#xF3;lica. --
14. Procesos oxidativos: ciclo del &#xE1;cido c&#xED;trico y v&#xED;a de las pentosas fosfato. --
15. Transporte electr&#xF3;nico, fosforilaci&#xF3;n oxidativa y metabolismo del ox&#xED;geno. --
16. Metabolismo de los hidratos de carbono II: bios&#xED;ntesis. --
17. Fotos&#xED;ntesis. --
18. Metabolismo de los l&#xED;pidos I: &#xE1;cidos grasos, triacilgliceroles y lipoprote&#xED;nas. --
19. Metabolismo de los l&#xED;pidos II: l&#xED;pidos de membrana, esteroides, isoprenoides y eicosanoides. --
20. Metabolismo de los compuestos nitrogenados: principios de la bios&#xED;ntesis, utilizaci&#xF3;n y renovaci&#xF3;n. --
21. Metabolismo de los compuestos nitrogenados: amino&#xE1;cidos, porfirinas y neurotransmisores. --
22. Metabolismo de los nucle&#xF3;tidos. --
23. Coordinaci&#xF3;n metab&#xF3;lica, control metab&#xF3;lico y transducci&#xF3;n de se&#xF1;ales. --
Parte V. Informaci&#xF3;n. --
24. Copiado de la informaci&#xF3;n: replicaci&#xF3;n. --
25. Reestructuraci&#xF3;n de la informaci&#xF3;n: restricci&#xF3;n, reparaci&#xF3;n, recombinaci&#xF3;n, reordenaci&#xF3;n y amplificaci&#xF3;n. --
26. Lectura de la informaci&#xF3;n: transcripci&#xF3;n. --
27. Descodificaci&#xF3;n de la informaci&#xF3;n: traducci&#xF3;n. --
28. Genes eucariotas y su expresi&#xF3;n. --
Respuestas a los problemas. --
Glosario. --
&#xCD;ndice de materias.</subfield>
  </datafield>
  <datafield tag="520" ind1="2" ind2=" ">
    <subfield code="a">La ilustraci&#xF3;n de la cubierta fusiona los temas cl&#xE1;sicos y contempor&#xE1;neos de la bioqu&#xED;mica. Un tema central de la bioqu&#xED;mica es la transducci&#xF3;n de energ&#xED;a, esto es, comprender la forma en que se genera la energ&#xED;a metab&#xF3;lica a nivel molecular, y comprender las relaciones entre la liberaci&#xF3;n de energ&#xED;a qu&#xED;mica a trav&#xE9;s de la ruptura del ATP y su acoplamiento con los procesos qu&#xED;micos, mec&#xE1;nicos y el&#xE9;ctricos que requieren energ&#xED;a. Algo que est&#xE1; surgiendo es nuestro conocimiento creciente, a trav&#xE9;s del an&#xE1;lisis estructural, de las prote&#xED;nas motoras, las prote&#xED;nas cuyos movimientos f&#xED;sicos y acciones mec&#xE1;nicas est&#xE1;n impulsados por la liberaci&#xF3;n de energ&#xED;a del enlace fosfato.
La estructura que se muestra es la helicasa Rep de la bacteria term&#xF3;fila Bacillus stearothermophilus. Las helicasas desenrollan las cadenas del DNA con el fin de preparar al genoma para la replicaci&#xF3;n y otros procesos del metabolismo del DNA. La hidr&#xF3;lisis del ATP impulsa el movimiento de la prote&#xED;na a lo largo de la cadena de DNA, y el desenrollamiento es el resultado de ese movimiento. El dibujante ha colocado una c&#xE1;mara imaginaria justo detr&#xE1;s del ATP en una subunidad de esta enzima dim&#xE9;rica, y ha buscado la proyecci&#xF3;n hacia fuera desde la hendidura de uni&#xF3;n del sustrato en el &#x201C;espacio interior&#x201D;, para descubrir una segunda mol&#xE9;cula de helicasa trabajando detr&#xE1;s de la que envuelve al observador. El dibujante ha mostrado diferentes m&#xE9;todos de representar los gr&#xE1;ficos moleculares. La helicasa se presenta como una mol&#xE9;cula de superficie lisa en azul; la mol&#xE9;cula de ATP se presenta con una combinaci&#xF3;n de CPK (relleno espacial), bolas y bastones, y modelos de alambre; el DNA se presenta en un estilo de cinta idealizada. La &#xFA;nica luz de la figura, que representa la liberaci&#xF3;n de energ&#xED;a..., procede de la ruptura &#x201C;explosiva&#x201D; del ATP, que tiene lugar en la profundidad del lugar de uni&#xF3;n del ATP, escondida de la proyecci&#xF3;n. Se muestran dos &#x201C;explosiones&#x201D; de ATP, una en cada mol&#xE9;cula de helicasa.</subfield>
  </datafield>
  <datafield tag="650" ind1="1" ind2="3">
    <subfield code="a">Biochemistry</subfield>
    <subfield code="9">150448</subfield>
    <subfield code="2">atg</subfield>
  </datafield>
  <datafield tag="650" ind1="1" ind2="3">
    <subfield code="a">Bioqu&#xED;mica  </subfield>
    <subfield code="9">12849</subfield>
    <subfield code="2">atg</subfield>
  </datafield>
  <datafield tag="700" ind1="1" ind2=" ">
    <subfield code="a">Ahern, Kevin G.</subfield>
    <subfield code="9">153546</subfield>
    <subfield code="e">autor</subfield>
  </datafield>
  <datafield tag="700" ind1="1" ind2=" ">
    <subfield code="a">Van Holde, K. E.</subfield>
    <subfield code="9">153548</subfield>
    <subfield code="e">autor</subfield>
  </datafield>
  <datafield tag="700" ind1="1" ind2=" ">
    <subfield code="a">Gonz&#xE1;lez de Buitrago, Jos&#xE9; Manuel</subfield>
    <subfield code="9">153547</subfield>
    <subfield code="e">traductor</subfield>
  </datafield>
  <datafield tag="856" ind1="4" ind2="2">
    <subfield code="u">https://cbtis54.edu.mx/wp-content/uploads/2024/04/Bioquimica-Chistoper-K-Mathews-Kensal-E-Van-Holde-Kevin-G-Ahern.pdf</subfield>
    <subfield code="y">VER PDF</subfield>
  </datafield>
  <datafield tag="901" ind1=" " ind2=" ">
    <subfield code="a">574.192 M38 2002</subfield>
  </datafield>
  <datafield tag="902" ind1=" " ind2=" ">
    <subfield code="a">M</subfield>
  </datafield>
  <datafield tag="905" ind1=" " ind2=" ">
    <subfield code="a">5232272002                          sp admn8222223322spa16</subfield>
  </datafield>
  <datafield tag="942" ind1=" " ind2=" ">
    <subfield code="c">LIBRO</subfield>
    <subfield code="2">ddc</subfield>
  </datafield>
  <datafield tag="999" ind1=" " ind2=" ">
    <subfield code="c">173313</subfield>
    <subfield code="d">173313</subfield>
  </datafield>
  <datafield tag="952" ind1=" " ind2=" ">
    <subfield code="0">0</subfield>
    <subfield code="1">0</subfield>
    <subfield code="2">local</subfield>
    <subfield code="4">0</subfield>
    <subfield code="5">5</subfield>
    <subfield code="7">0</subfield>
    <subfield code="8">GRAL</subfield>
    <subfield code="a">IA_</subfield>
    <subfield code="b">IA_</subfield>
    <subfield code="e">Compra </subfield>
    <subfield code="i">220915</subfield>
    <subfield code="l">3</subfield>
    <subfield code="o">574.192 M38 2002</subfield>
    <subfield code="p">1102001287</subfield>
    <subfield code="r">2024-10-24 19:12:54</subfield>
    <subfield code="s">2024-10-24</subfield>
    <subfield code="t">Ej. 2</subfield>
    <subfield code="y">LIBRO</subfield>
  </datafield>
  <datafield tag="952" ind1=" " ind2=" ">
    <subfield code="0">0</subfield>
    <subfield code="1">0</subfield>
    <subfield code="2">ddc</subfield>
    <subfield code="4">0</subfield>
    <subfield code="5">1</subfield>
    <subfield code="7">0</subfield>
    <subfield code="8">GRAL</subfield>
    <subfield code="a">IA_</subfield>
    <subfield code="b">IA_</subfield>
    <subfield code="e">Compra </subfield>
    <subfield code="i">220916</subfield>
    <subfield code="l">0</subfield>
    <subfield code="o">574.192 M38 2002</subfield>
    <subfield code="p">1102005648</subfield>
    <subfield code="r">2022-01-18 00:00:00</subfield>
    <subfield code="t">Ej. 1</subfield>
    <subfield code="y">LIBRO</subfield>
  </datafield>
</record>
